01455pab a2200145 454500008004000000100002700040245012500067260000900192300001500201520100800216650002601224650001801250650001501268773002601283180718b2014 xxu||||| |||| 00| 0 eng d aMeyer, Renate E. et al aOf bureaucrats and passionate public managers: Institutional logics, executive identities, and public service motivation c2014 ap.861-885. aOver recent decades, a number of managerial reform initiatives in continental Europe have aimed at moving away from the traditional Weberian model of public administration. Such shifting bases of legitimacy are brought about by changes in the institutional logics in place, which not only provide frames of reference but also social identities and vocabularies of motive for the actors in the field. In this article, we approach the expanding research on public service motivation (PSM) by employing an institutional prism. Based on an executive survey in a continental European context, we examine the assumption that high PSM is associated with the traditional ethos and social identity in the public sector. What we find is that a Weberian legalistic-bureaucratic logic supports neither a high attraction to policy-making nor a high level of compassion. A managerial orientation, on the other hand, entails significantly higher scores on these two dimensions, as well as on overall PSM. - Reproduced. aPublic administration aCivil service aMotivation aPublic Administration